Unipetrol chce byť lídrom v oblasti petrochémie pre stredoeurópsky región

Český petrochemický holding - Unipetrol, a.s. Kralupy nad Vltavou - otvoril v októbri 1998 svoje obchodné zastúpenie v SR. Snaha Unipetrolu preniknúť na trhy strednej a východnej Európy. Vybrané hospodárske ukazovatele Unipetrolu. Obchodovanie Unipetrolu so slovenskými chemickými závodmi. Obchodný o...

Descrizione completa

Salvato in:
Dettagli Bibliografici
Autore principale: Neštrák, Bohumil
Natura: Capitolo di libro
Lingua:slovacco
Soggetti:
Tags: Aggiungi Tag
Nessun Tag, puoi essere il primo ad aggiungerne!!

MARC

LEADER 00000naa a2200000 4500
001 r033210
005 20230921102135.6
041 0 |a slo 
044 |a SK 
245 1 0 |a Unipetrol chce byť lídrom v oblasti petrochémie pre stredoeurópsky región  |c Bohumil Neštrák 
520 |a Český petrochemický holding - Unipetrol, a.s. Kralupy nad Vltavou - otvoril v októbri 1998 svoje obchodné zastúpenie v SR. Snaha Unipetrolu preniknúť na trhy strednej a východnej Európy. Vybrané hospodárske ukazovatele Unipetrolu. Obchodovanie Unipetrolu so slovenskými chemickými závodmi. Obchodný obrat so Slovenskom. 
610 2 0 |a petrochémia 
610 2 0 |a holding 
610 2 0 |a ukazovatele ekonomické 
610 2 0 |a obrat obchodný 
610 2 0 |a obchod zahraničný 
610 2 0 |a stanice čerpacie 
610 2 0 |a Slovensko 
610 2 0 |a Česko 
610 2 0 |a Unipetrol, a.s. Kralupy nad Vltavou 
610 2 0 |a SVE 
100 1 |a Neštrák, Bohumil